000 00582nam a22002177a 4500
001 20310
003 BD-RjUL
005 20211209000540.0
008 140227s1950 ii 000 0 eng d
035 _a(BD-RjUL)20372
040 _aBD-RjUL
_beng
_cBD-RjUL
041 _aeng
082 _a346.04
_2DAS 1950
100 1 _aDatta-Gupta, Amulya Kumar.
_962602
245 _aStudents real property /
_cAmulya Kumar Datta-Gupta.
250 _a3drved.
260 _aCalcutta :
_bEastern Law,
_c1950.
300 _a135 p. ;
_c18 cm.
650 0 _aReal property.
_962603
942 _2ddc
_cBK
999 _c20310
_d20310